000 00440nam a2200181Ia 4500
001 23110
005 20260414150915.0
008 260414t2014||||xx |||||||||||||| ||spa||
041 _aESP
082 _a624.1834
_bR68 T. 3
100 _aRivva López, Enrique
_eAUT
245 0 _aSupervisión del concreto en obra
_b
260 _c2014
300 _a232 páginas :
_c30 cm.
650 _a0
654 _aCIC
942 _cLIB
_dJUS
_fJUS
_2ddc
_n
999 _c23110
_d23110